000 00538nam a2200133Ia 4500
008 171212s9999 xx 000 0 und d
020 _a9781925022766
245 _ceditor Konishi, Shino;Nugent, Maria;Shellam, Tiffany
_aIndigenous Intermediaries
_bNew perspectives on exploration archives
260 _bANU E Press
_c2015
440 _aAboriginal History Monographs
650 _aHistory
650 _aWesterners -- Australia; Aboriginal Australians -- Australia; Discoveries in geography
856 _uhttp://jstor.org/stable/j.ctt19705zg
999 _c351156
_d351156